Radhakrishnan's philosophy of education (Record no. 17660)

000 -LEADER
fixed length control field 00379pab a2200145 454500
008 - FIXED-LENGTH DATA ELEMENTS--GENERAL INFORMATION
fixed length control field 180718b1990 xxu||||| |||| 00| 0 eng d
100 ## - MAIN ENTRY--PERSONAL NAME
Personal name Verma, Shivendra K.
245 ## - TITLE STATEMENT
Title Radhakrishnan's philosophy of education
260 ## - PUBLICATION, DISTRIBUTION, ETC.
Date of publication, distribution, etc. 1990
300 ## - PHYSICAL DESCRIPTION
Extent 1-4
362 ## - DATES OF PUBLICATION AND/OR SEQUENTIAL DESIGNATION
Dates of publication and/or sequential designation 7 May
650 ## - SUBJECT ADDED ENTRY--TOPICAL TERM
Topical term or geographic name entry element Radhakrishnan,s - Cirticism and Interpretation
773 ## - HOST ITEM ENTRY
Main entry heading University News
909 ## -
-- 17660
Holdings
Withdrawn status Lost status Damaged status Not for loan Permanent Location Current Location Date acquired Serial Enumeration / chronology Barcode Date last seen Price effective from Koha item type
        Indian Institute of Public Administration Indian Institute of Public Administration 2018-07-19 Volume no: 28, Issue no: 19 AR17721 2018-07-19 2018-07-19 Articles

Powered by Koha